A handbook of Kerala (Record no. 389786)

000 -LEADER
fixed length control field 00360cam a22001097a 4500
008 - FIXED-LENGTH DATA ELEMENTS--GENERAL INFORMATION
fixed length control field 180718b1959 xxu||||| |||| 00| 0 eng d
082 ## - DEWEY DECIMAL CLASSIFICATION NUMBER
Classification number A6x5453 K45
245 ## - TITLE STATEMENT
Title A handbook of Kerala
Statement of responsibility, etc. by Department of Public Relations, Kerala
260 ## - PUBLICATION, DISTRIBUTION, ETC.
Place of publication, distribution, etc. Trivandrum
Name of publisher, distributor, etc. Department of Public Relations
Date of publication, distribution, etc. 1959
300 ## - PHYSICAL DESCRIPTION
Extent 1962p.
700 ## - ADDED ENTRY--PERSONAL NAME
Personal name Kerala. Department of Public Relations
Holdings
Withdrawn status Lost status Damaged status Not for loan Permanent Location Current Location Date acquired Full call number Barcode Date last seen Price effective from Koha item type
        Indian Institute of Public Administration Indian Institute of Public Administration 1999-06-28 A6x5453 K45 19451 2018-07-21 2018-07-21 Book

Powered by Koha